Manual de atencin̤ y valoracin̤ pericial en violencia sexual Gua̕ de buenas prc̀ticas /

Detalles Bibliográficos
Autor principal: Fernǹdez Gonzl̀ez, Jorge
Formato: eBook
Lenguaje:español
Publicado: Barcelona: J.M. Bosch Editor, 2018
Materias:
Acceso en línea:Acceso restringido

MARC

LEADER 00000nam a22000007a 4500
005 20190407154939.0
007 cr|||| ||||
008 190407s2018 es |||||s|||| 00||0 spa d
020 |a 978-84-948684-0-5 
035 |a 23057 
040 |a vLex 
090 |c 8575  |d 8575 
100 1 |a Fernǹdez Gonzl̀ez, Jorge 
245 1 0 |a Manual de atencin̤ y valoracin̤ pericial en violencia sexual  |h [Recurso electrn̤ico] :  |b Gua̕ de buenas prc̀ticas /  |c Jorge Fernǹdez Gonzl̀ez 
256 |a Servicio en ln̕ea 
260 |a Barcelona:  |b J.M. Bosch Editor,  |c 2018 
300 |a 1 recurso electrn̤ico 
500 |a La violencia sexual supone una intromisin̤ ilegt̕ima en la intimidad de la vc̕tima que conlleva, adems̀ de posibles lesiones fs̕icas, un terrible sufrimiento y un severo daǫ psq̕uico. De cm̤o se lleve a cabo la asistencia a las personas que la padecen va a depender en gran medida la evolucin̤ del trauma y su recuperacin̤. Lejos quedan en el tiempo aquellas evaluaciones en las que se atenda̕ la cuestin̤ mďica de manera prc̀ticamente exclusiva, descuidando aspectos esenciales como la respuesta a las necesidades de la vc̕tima desde la ms̀ exquisita sensibilidad. Esta sensibilidad, que se ha hecho extensiva en todos los colectivos profesionales implicados, permite en la actualidad una cuidada atencin̤ profesional multidisciplinar en la que intervienen desde los Cuerpos y Fuerzas de Seguridad del Estado hasta las Unidades de Atencin̤ a las Vc̕timas, pasando por Mďicos Especialistas en Ginecologa̕, Mďicos Forenses, Psicl̤ogos, Trabajadores Sociales, Facultativos de los Laboratorios, Jueces, Fiscales… Las experiencias y conocimientos de profesionales de estos colectivos se recogen en este Manual, que pretende dar una visin̤ de conjunto sobre cm̤o debe realizarse la asistencia y evaluacin̤ a vc̕timas de violencia sexual, con el foco puesto en la atencin̤ centrada en la persona.Y todo ello desde el convencimiento de que un trato sensible disminuye el trauma favoreciendoun ms̀ rp̀ido restablecimiento, y facilitala colaboracin̤ para la posible obtencin̤ de evidencias que allanen la actuacin̤ del sistema de Justicia. 
506 1 |a Disponible solo en los productos indicados  |d vLex Global  |d vLex Global (Academic Edition, excluding Law Schools)  |d vLex Global (U.S. Academic Edition, Law Schools)  |d vLex Global (U.S. Academic Edition, excluding Law Schools)  |d vLex Global (Academic Edition, Law Schools) 
650 0 4 |a Derecho Penal  |z Espaą 
740 0 |a vLex Libros (Servicio en ln̕ea) 
856 4 0 |u http://vlex.com/source/manual-de-atencion-y-valoracion-pericial-en-violencia-sexual-guia-de-buenas-practicas-23057  |z Acceso restringido 
942 |c BOOK 
999 0 |a Criminal law